Statistics for Pictures by Letter - V

Click here to take the quiz!

General Stats

  • This quiz has been taken 13,895 times
  • The average score is 11 of 15

Answer Stats

Answer% Correct
Venice
96%
Victoria
93%
Volkswagen
93%
Vulture
90%
Venezuela
89%
Vinyl
86%
Vertebra
84%
Vespa
81%
Veil
71%
Venn
68%
Ventriloquist
67%
Vane
65%
Vise
63%
Versailles
60%
Venus
38%

Score Distribution

Percentile by Number Answered

Percent of People with Each Score

Your Score History

You have not taken this quiz